| 000 | 00648nam a22001937a 4500 | ||
|---|---|---|---|
| 999 |
_c525456 _d525456 |
||
| 003 | NUST | ||
| 005 | 20190702071522.0 | ||
| 008 | 190702b ||||| |||| 00| 0 eng d | ||
| 038 | _aMr. Zahoor | ||
| 082 | _a307.1 | ||
| 100 |
_aHassan, Syeda Zainab _916341 |
||
| 245 |
_aTo Study The Experiences And Perceptions of Residents Living in Apartment And Single Unit Housing In Islamabad / _cSyeda Zainab Hassan |
||
| 260 |
_aIslamabad : _bSCEE - NUST, _c2018. |
||
| 300 |
_a106 p. : ill. ; _c30cm. |
||
| 500 | _aHardcover. | ||
| 650 |
_aUrban and Regional Planning - MS Thesis _916266 |
||
| 700 |
_aDr. Malik Asghar Naeem _916342 |
||
| 942 |
_2ddc _cTHE |
||